Visualizzazione normale
Vista MARC
- Cesare G. De Michelis
di Personal Name
Records bibliografici associati: 1
001 - CONTROL NUMBER
- control field: 34292
003 - CONTROL NUMBER IDENTIFIER
- control field: IT-RoPau
005 - DATE AND TIME OF LATEST TRANSACTION
- control field: 20150503223459.0
008 - FIXED-LENGTH DATA ELEMENTS
- fixed length control field: 150503|| aca||aabn | a|a d
040 ## - CATALOGING SOURCE
- Original cataloging agency: IT-RoPau
- Transcribing agency: IT-RoPau
100 ## - HEADING--PERSONAL NAME
- Personal name: Cesare G. De Michelis
670 ## - SOURCE DATA FOUND
- Source citation: Work cat.: (IT-RoPau)8203: Cesare G. De Michelis, Il manoscritto inesistente. I protocolli dei Savi di Sion: un apocrifo del XX secolo